[Event "Najdorf Memorial 8th"]
[Site "Buenos Aires"]
[Date "1997.05.19"]
[Round "1"]
[White "Morovic Fernandez, Ivan"]
[Black "Spangenberg, Hugo"]
[Result "1-0"]
[WhiteElo "2580"]
[BlackElo "2550"]
[Annotator "Tsesarsky,I"]
[PlyCount "115"]
[EventDate "1997.05.19"]
[EventType "tourn"]
[EventRounds "9"]
[EventCountry "ARG"]
[EventCategory "13"]
[SourceTitle "CBM 060"]
[Source "ChessBase"]
[SourceDate "1997.09.29"]
[SourceVersion "1"]
[SourceVersionDate "1997.09.29"]
[SourceQuality "1"]

1. e4 c5 2. Nf3 Nc6 3. d4 cxd4 4. Nxd4 g6 5. c4 Nf6 6. Nc3 d6 7. Be2 Nxd4 8.
Qxd4 Bg7 9. Be3 O-O 10. Qd2 (10. Qd3 $5 Be6 11. Bd4 Nd7 12. Bxg7 Kxg7 13. O-O
Nc5 14. Qd4+ f6 15. b4 Nd7 16. Nd5 a5 17. a3 Bxd5 18. exd5 Qb6 19. Qc3 $14 {
Horvath,T-Doery,J Hamburg HSK (11) 1991 1-0 44}) (10. Qd1 $2 Be6 11. O-O Qa5
12. Rc1 Rfc8 13. b3 a6 14. f4 Nd7 15. f5 Bxc3 16. fxe6 fxe6 17. Bg4 Nc5 18. Kh1
Bg7 19. Bxc5 Rxc5 20. Bxe6+ $15 {Barcenilla,R-Hedge,R Calcutta op (05) 1994
1-0 55}) 10... Be6 11. O-O (11. Rc1 Qa5 12. f3 Rfc8 13. b3 a6 14. Na4 Qxd2+ 15.
Kxd2 Nd7 16. g4 f5 17. exf5 gxf5 18. h3 Rf8 19. f4 Rad8 20. Nc3 d5 $6 21. gxf5
$1 Bxf5 22. cxd5 Nf6 23. Bb6 Rd7 24. Ke3 Rc8 25. Bf3 $14 {Rodriguez,Am-Antunes,
A Capablanca mem-B (07) 1994 1-0 66 - CBM 43}) (11. f3 Qa5 12. O-O Rfc8 13.
Rfc1 a6 14. Rab1 Kf8 15. b4 Qd8 16. c5 Qd7 17. cxd6 Qxd6 18. Qxd6 exd6 {
Rodriguez,A-Antunes,A/Mondariz op/1994/}) 11... Qa5 12. Rab1 (12. Rac1 Rfc8 13.
b3 a6 14. f4 b5 15. f5 Bd7 16. b4 Qxb4 17. e5 dxe5 18. fxg6 Be6 19. gxf7+ Bxf7
20. Bh6 Bxh6 21. Qxh6 Bxc4 22. Qg5+ Kh8 23. Rxf6 Rg8 $19 {Ivanchuk,V-Anand,V 
(1) Moscow PCA 25' (03) 1994 0-1 33}) 12... Rfc8 13. b3 (13. b4 Qd8 14. c5 a5
15. a3 axb4 16. axb4 Ra3 17. Nb5 Ra2 18. Qd3 d5 19. Rbd1 Nxe4 $17 {1/2-1/2
Hanel,R-Stefansson,H/Vienna op 1991 (29)}) 13... a6 (13... Nd7 14. Rfc1 (14.
Nd5 Qxd2 15. Bxd2 Bxd5 16. exd5 b5 $15) 14... Qd8 15. Nd5 Nc5 (15... Bxd5 16.
exd5 a5 17. h4 h5 $1 18. g3 $10) 16. Bf3 a5 17. h4 Bxd5 18. exd5 (18. cxd5 b5
$10) 18... Qd7 19. Qe2 $1 $14 {1-0 Ivanchuk,V-Anand,V/Buenos Aires Sicilian
1994 (34)} (19. Re1 $5 {Ftacnik} Rc7 20. Qe2 $14)) (13... b5 $6 {Ftacnik} 14.
b4 $1 Qc7 15. e5 dxe5 16. Nxb5 $16) (13... Ng4 14. Nd5 $1 Qxd2 15. Bxd2 Kf8 16.
Bg5 $14 (16. Bxg4 Bxg4 17. Bg5 e6 18. Nf6 h6 19. Bxh6 Be2 20. Rfe1 Bxc4 21.
Nd7+ Kg8 22. Bxg7 Kxg7 23. Rbd1 (23. bxc4 Rc7 24. e5 Rxd7 25. exd6 b6 $15)
23... Bb5 24. Rxd6 Bxd7 25. Rxd7 $16 {1/2-1/2 Enders,P-Brendel,O/BL 1995 (52)})
) 14. Rfc1 Qb4 (14... Rab8 15. f3 Kf8 (15... Nd7 16. b4 Qd8 17. Nd5 f5 18. Bg5
Nf6 19. Nxf6+ exf6 20. Bf4 Bf8 21. c5 $14 {1/2-1/2 Micic,J-Ptacnikova,L/32nd
ol (women), Yerevan ARM 1996 (51)}) 16. Qe1 (16. b4 Qd8 17. Nd5 $1 $14 {
1-0 Psakhis,L-Rodriguez,A/Andorra 1996 (41)} (17. c5 dxc5 18. Qxd8+ Rxd8 19.
bxc5 $14)) 16... Nd7 17. b4 Qd8 18. Nd5 Bxd5 19. cxd5 b6 20. a4 a5 21. bxa5
bxa5 22. Rb5 Nc5 23. Qd1 Ra8 24. g4 Kg8 25. Kg2 Qf8 {1-0 Morovic Fernandez,
I-Kudrin,S/NY Open, New York USA 1997}) (14... b5 15. b4 Qd8 16. cxb5 axb5 17.
Bxb5 Ra3 $1 18. Qe1 (18. Bf1 Rcxc3 19. Rxc3 Rxa2 20. Qc1 Nxe4 21. Ra3 Rxa3 22.
Qxa3 $16 {Ivanchuk,V-Khalifman,A/Yalta 25'/1995/1:0/42/}) 18... Ng4 19. Bd2 Bd4
20. Nd1 Rxa2 $132) (14... Nd7 15. f4 (15. b4 Qd8 16. Nd5 Bxd5 17. Qxd5 Qc7 18.
Qd1 a5 19. a3 axb4 20. axb4 b6 21. f4 $14 {Kudrin,S-Dzindzichashvili,R/USA-ch/
1995/0,5/45/}) 15... Rab8 16. b4 Qd8 17. Nd5 $14 {1/2-1/2 Zarnicki,
P-Spangenberg,H/Presidencia ARG ch 1995 (39)}) 15. f3 (15. a3 Qa5 (15... Qxa3
16. Ra1 Qb4 17. Ra4 Qxb3 18. Rb1 Nxe4 19. Rxb3 Nxd2 20. Bxd2 $16) 16. b4 (16.
f3 Nd7 17. Nd5 Qxd2 18. Bxd2 Bxd5 19. cxd5 $14 {Zontakh,A-Velimirovic,D/
Pozarevac/1995/0,5/75/}) 16... Qxa3 $2 (16... Qd8 $142 17. c5 dxc5 18. Qxd8+
Rxd8 19. Bxc5 $14) 17. Ra1 Qxb4 18. Ra4 (18. Rcb1 $5) 18... Nxe4 $8 19. Rxb4
Nxd2 20. Bxd2 $16 {1-0 David,A-Antunes,A/Erevan olm 1996 (37)}) 15... Nd7 16.
Nd5 Qxd2 17. Bxd2 Bxd5 18. cxd5 Bd4+ 19. Kf1 $14 Nb6 (19... h5 20. g3 Ne5 21.
h3 Kg7 22. f4 Nd7 23. Bf3 $14) 20. f4 {[%cal Ge2g4]} (20. a4 $14) 20... e6 $5 (
20... Kf8 21. Bg4 $1 f5 22. exf5 Rxc1+ 23. Rxc1 Nxd5 24. fxg6 hxg6 25. Ke2 $14)
21. dxe6 fxe6 22. Bf3 Rc6 (22... Kf7 23. Ke2 $14) 23. Rxc6 bxc6 24. Ba5 Nd7 $2
(24... Rb8 25. Rd1 e5 26. g3 c5 27. Ke2 $14) 25. Rd1 (25. Bc7 e5 (25... d5 26.
Rd1 Bb6 27. Bxb6 Nxb6 28. Ke2 $16) 26. Rd1 $16) 25... e5 26. Bc7 $16 Rf8 $8 27.
Bxd6 Rxf4 28. Rxd4 $1 (28. Bxe5 Nxe5 (28... Bxe5 29. Rxd7 Rf7 $11) 29. Rxd4
Nxf3 30. gxf3 Rxf3+ $11) 28... Rxf3+ $8 29. gxf3 exd4 30. Ke2 Kf7 31. f4 $6 $14
(31. Kd3 $1 Ke6 32. Bg3 c5 (32... Ne5+ 33. Kxd4 $1 (33. Bxe5 Kxe5 34. b4 (34.
f4+ Kxf4 35. Kxd4 g5 36. b4 h5 37. e5 Kf5 38. Kc5 Kxe5 39. Kxc6 g4 40. a4 h4
41. b5 axb5 42. axb5 g3 43. hxg3 h3 44. b6 h2 45. b7 h1=Q+ $19) (34. h4 c5)
34... g5 35. a3 h6 36. a4 h5 37. h3 h4 38. a5 Kf4 39. Kxd4 Kxf3 40. e5 g4 41.
hxg4 (41. e6 g3 42. e7 g2 43. e8=Q g1=Q+ $11) 41... h3 42. e6 h2 43. e7 h1=Q
44. e8=Q Qg1+ $11) 33... Nxf3+ 34. Kc5 Kd7 35. Kb6 h5 36. h4 $1 (36. Kxa6 h4
37. Bb8 Kc8 38. Ka7 g5 39. b4 g4 40. a4 Nxh2 41. b5 cxb5 42. axb5 Nf3 (42... g3
43. b6 $18) 43. b6 Nd4 44. b7+ Kd7 45. Kb6 Nc6 46. Bf4 g3 47. e5 g2 48. e6+ (
48. Bh2 Nb8 49. Bg1 Ke6 $11) 48... Kxe6 49. Kxc6 g1=Q 50. b8=Q $11) 36... g5
37. hxg5 Nxg5 (37... h4 38. Bf4 h3 39. g6 $18) 38. e5 Ne4 39. Be1 c5 40. a4 Ke6
41. a5 Kxe5 42. Kxa6 Kd5 43. Kb6 Nd6 (43... c4 44. b4 $1 (44. bxc4+ Kxc4 45. a6
Nd6 46. Bg3 Nc8+ 47. Kb7 Kb5 48. Bc7 h4 49. Bf4 Ka5 50. Be5 Kb5 51. Bc7 h3 52.
Bg3 Ka5 53. Bh2 Kb5 54. Bc7 Kc5 $1 (54... h2 55. Bxh2 $18) 55. Kxc8 h2 56. Bxh2
Kb6 $11) 44... c3 45. Bxc3 (45. a6 c2 46. a7 c1=Q 47. a8=Q+ $14) 45... Nxc3 46.
a6 Kd6 47. a7 Nd5+ 48. Kb7 Nc7 49. b5 h4 50. b6 h3 51. bxc7 h2 52. c8=Q h1=Q+
53. Kb8 $18) 44. Bg3 $1 $18) 33. b4 cxb4 34. Kxd4 g5 35. Kc4 (35. h3 a5 36. Kc4
Ne5+ 37. Bxe5 Kxe5 38. Kb5 Kf4 39. Kxa5 h5 (39... Kxf3 40. e5 $18) 40. Kxb4
Kxf3 41. e5 g4 42. e6 $1 (42. hxg4 hxg4 43. e6 g3 44. e7 g2 45. e8=Q g1=Q 46.
Qc6+ $16) 42... g3 43. e7 g2 44. e8=Q g1=Q 45. Qxh5+ $18) 35... Nf6 36. Kxb4 (
36. h3 $5) 36... g4 37. fxg4 Nxe4 38. Ka5 $18) 31... Ke6 32. Ba3 (32. Bc7 Nc5
33. Kf3 Nd3 $132 {[%cal Gd3c1]}) 32... c5 33. h4 $1 (33. Kd3 g5 $1 34. fxg5 (
34. f5+ Ke5) 34... Ne5+ 35. Kc2 (35. Ke2 c4 $1 36. Kd1 $13 (36. bxc4 d3+ 37.
Ke3 (37. Kf2 Nxc4 38. Bb4 Ke5 39. Kf3 Kd4 40. h4 a5 41. Be1 d2 42. Bxd2 Nxd2+
43. Kf4 Nxe4 44. h5 a4 45. g6 hxg6 46. hxg6 Nf6 47. Kf5 Ne8 48. a3 Kc3 49. Ke4
Kb3 50. Kd3 Kxa3 51. Kc3 Ng7 52. Kc2 Kb4 53. Kb2 a3+ 54. Ka2 Ka4 55. Kb1 Kb3
56. Ka1 Nf5 57. Kb1 a2+ $19) 37... Nxc4+ 38. Kxd3 Nxa3 39. h4 Ke5 40. h5 Nb5
41. g6 hxg6 42. hxg6 Kf6 43. Kc4 Kxg6 44. Kc5 $11)) 35... Nd7 (35... Nf3 36.
Bxc5 Ke5 37. Kd3 $16) 36. h4 Ke5 37. Kd3 Kf4 $132) 33... h6 34. Kd3 g5 35. hxg5
hxg5 36. fxg5 Ne5+ 37. Kc2 Kd6 (37... Nd7 $5 38. Bc1 Ke5 39. Kd3 c4+ $5 40.
Kxc4 $1 (40. bxc4 Nc5+ 41. Kc2 Kxe4 42. g6 Ne6 43. Bh6 d3+ 44. Kc3 d2 $1 45.
Kxd2 (45. Bxd2 Kf5 46. Kb4 Kxg6 47. Ka5 Kf7 48. Kxa6 Ke8 49. Kb7 Kd7 50. Be3
Nd8+ 51. Kb6 $18) 45... Kd4 46. g7 Nxg7 47. Bxg7+ Kxc4 $11) 40... Kxe4 41. b4
Ne5+ 42. Kb3 $16) (37... Nf3 38. Bxc5 Nxg5 39. Kd3 $18) 38. Bc1 Ng6 39. Bd2 Ke6
(39... Ke5 40. Kd3 Kd6 41. Be1 Nf4+ 42. Kc4 Ng6 (42... Ke5 43. Bg3 $18) 43.
Bg3+ Ne5+ 44. Bxe5+ Kxe5 45. Kd3 a5 46. a3 Ke6 47. b4 $18) 40. Kd3 Ne5+ 41. Ke2
Ng6 42. Be1 Nf4+ 43. Kf3 (43. Kd2 Nh3 44. Bh4 (44. g6 Kf6 45. Bg3 Kxg6 46. Kd3
(46. Bd6 Nf2 $1 $11) 46... Kf7 47. b4 (47. Kc4 Ng5 48. e5 Ke6 $11)) 44... Ng1
45. Kd3 Nf3 46. Bg3 Nxg5 $11) 43... Nd3 44. Bd2 (44. Bg3 Nc1 $132) 44... Ne5+
45. Ke2 Ng6 46. Bc1 Ke5 47. Kd3 Kd6 48. Ba3 Kc6 $2 (48... Ne5+ $1 49. Ke2 Ng6
$14) 49. Bb2 Ne7 (49... Kd6 50. Bc1 Ne5+ $16) (49... Ne5+ 50. Kc2 (50. Ke2 Ng6
51. Bc1 (51. Kf3 Ne5+) 51... Kd6 (51... Kb5 52. Bd2 c4 53. a4+ Kc5 54. bxc4
Kxc4 55. a5 $16) 52. Bd2 Ke5 53. Kd3 Kd6 54. Be1 Ne5+ 55. Ke2 Ke6 56. Bg3 Nc6
57. Kd2 $1 (57. Kf3 Nb4 58. a4 (58. Kg4 Nxa2 59. Kh5 d3 60. Bf4 Nc3 $17) 58...
Nc2 59. Ke2 (59. Bh4 Na1 60. g6 Nxb3 61. e5 c4 62. g7 Kf7 63. Bf6 Nc5 $17)
59... Na1 60. Kd3 Nxb3 61. Bc7 Kf7 62. Bd8 Kg6 63. Kc4 Nd2+ 64. Kxc5 d3 65. Kd4
Nxe4 66. Kxd3 Nc5+ $11) 57... Nb4 58. a3 Na2 (58... Nc6 59. Kd3 $18) 59. g6 Kf6
(59... Nc3 60. Kd3 $18) 60. Bd6 Kxg6 61. Bxc5 Kg5 62. Bxd4 Kf4 63. e5 $18)
50... Kd6 51. Bc1 Ng6 (51... c4 52. Bf4 $18) 52. Bd2 $16) (49... Kb5 50. Bxd4
cxd4 51. Kxd4 Kc6 (51... Kb4 52. e5 Ka3 53. e6 Kxa2 54. b4 Kb3 55. Kc5 Kc3 56.
Kd6 Nh4 (56... Kxb4 57. e7 Nxe7 58. Kxe7 a5 59. g6 a4 60. g7 a3 61. g8=Q $18)
57. e7 Nf5+ 58. Ke6 Ng7+ 59. Kf7 Nf5 60. g6 $18) 52. e5 Kd7 53. Kc5 Nxe5 54.
Kb6 Ke6 55. Kxa6 $18) (49... Nf4+ $5 50. Kc2 Kd6 51. Bc1 Ng6 52. Bd2 $16) 50.
Kc2 $18 (50. b4 cxb4 51. Bxd4 Kb5 52. Bf6 Ng6 53. e5 Kc5 54. Ke4 a5 55. Kf5
Nh4+ 56. Ke6 a4 57. Kd7 Ng6 58. e6 Nf8+ 59. Ke7 Ng6+ 60. Kf7 $18) 50... Ng6 51.
b4 Kb5 52. bxc5 Kxc5 53. Kb3 Ne5 54. Ba3+ Kc6 55. Bc1 Kc5 56. Bf4 Ng6 57. Bb8
d3 (57... Nh4 58. Ba7+ $18) 58. Kc3 1-0

[Event "RUS-ch"]
[Site "Elista"]
[Date "1996.??.??"]
[Round "9"]
[White "Aseev, Konstantin N"]
[Black "Vokarev, Sergey"]
[Result "0-1"]
[WhiteElo "2560"]
[BlackElo "2310"]
[Annotator "Tsesarsky,I"]
[PlyCount "82"]
[EventDate "1996.10.15"]
[EventType "swiss"]
[EventRounds "11"]
[EventCountry "RUS"]
[SourceTitle "CBM 056"]
[Source "ChessBase"]
[SourceDate "1997.02.01"]
[SourceVersion "1"]
[SourceVersionDate "1997.02.01"]
[SourceQuality "1"]

1. e4 {Hecht Ivanchuk,V} c5 2. Nf3 Nc6 3. d4 cxd4 4. Nxd4 g6 5. c4 Nf6 6. Nc3
d6 7. Be2 Nxd4 8. Qxd4 Bg7 9. Be3 O-O 10. Qd2 Be6 11. O-O Qa5 (11... a6 12. f3
Qa5 13. b4 Qxb4 14. Rab1 Qa5 15. Rxb7 Rfb8 16. Rfb1 Rxb7 17. Rxb7 Nd7 18. Nd5
Qxd2 19. Bxd2 Kf8 20. Bg5 Bxd5 21. cxd5 Bd4+ 22. Kf1 $16 {1/2-1/2 De Firmian,
N-Dzindzichashvili,R/USA-ch Modesto 1995 (50)}) 12. f3 (12. Rfc1 Nxe4 $2 13.
Nxe4 Qxd2 14. Nxd2 Bxb2 15. Bf3 Bxc1 16. Rxc1 Rac8 17. Bxb7 Rc7 18. Bf3 Rb8 19.
Bd1 Rb2 20. Bb3 d5 21. Rd1 dxc4 22. Nxc4 Re2 23. Nd2 Bg4 24. Nf3 Rd7 25. Rc1
Bxf3 26. gxf3 Kg7 27. Kf1 Rb2 28. Ra1 $1 a5 29. Bc1 Rdd2 30. Bxd2 Rxd2 31. a4 {
1-0 Psakhis,L-Alterman,B/ISR t-ch 1996}) (12. Rab1 $5 {Ivanchuk,V N} Rfc8 (
12... Ng4 $5 {Ivanchuk,V} 13. Nd5 (13. Bd4 Bxd4 14. Qxd4 Qe5 15. Qxe5 Nxe5 $10)
(13. b4 Bxc3 $1 14. Qxc3 Qe5 15. Qxe5 Nxe5 $13) 13... Qxd2 14. Bxd2 Bxd5 15.
cxd5 Nf6 16. f3 Rfc8 17. Rfc1 $14) 13. b3 Nd7 (13... a6 {Ivanchuk,V} 14. Rfc1
Rab8 $5 (14... b5 $6 15. b4 $1 Qd8 16. cxb5 axb5 17. Bxb5 $16)) (13... b5 {
Ivanchuk,V} 14. b4 $1 Qc7 15. e5 $1 (15. Nxb5 $6 Qb7 $1) 15... dxe5 16. Nxb5
Qb7 17. c5 $14) (13... Ng4 {Ivanchuk,V} 14. Bd4 Bxd4 15. Qxd4 Nf6 $5 $14 (15...
Qe5 $6 16. Qxe5 Nxe5 17. f4 Nc6 18. f5 Bd7 19. f6 $16)) 14. Rfc1 Qd8 $2 (14...
a6 $142 {Ivanchuk,V} 15. f4 Rab8) 15. Nd5 $16 {/\ Qh6 1-0 Ivanchuk,V-Anand,V/
Buenos Aires 1994 (34)}) 12... Rfc8 (12... a6 13. b4) 13. Rfc1 Nd7 14. Rab1 $1
(14. b3 b5 $15) 14... Bxc4 15. Nd5 $1 Qxd2 $8 16. Nxe7+ Kf8 17. Bxd2 Bd4+ 18.
Kh1 $8 Kxe7 (18... Bxa2 19. Nxc8 Bxb1 20. Bh6+ (20. Nxd6 Ba2 21. Nxb7 $16)
20... Bg7 21. Bxg7+ Kxg7 22. Nxd6 Ba2 23. Rc7 Be6 24. Nxb7 $16) 19. Bxc4 $14
Nb6 20. Bb3 (20. Bd3 $14) 20... Rxc1+ 21. Rxc1 Rc8 22. Rxc8 Nxc8 23. Bd5 Bxb2
24. Bxb7 Nb6 25. g3 (25. Kg1 Nc4 26. Be1 $14) 25... Bd4 26. h4 (26. Kg2 h5 27.
f4 $14) 26... Kf6 27. Kg2 d5 $6 28. Kf1 $2 (28. exd5 $8 Ke7 (28... Nc4 29. Bg5+
(29. Bc1 Ne3+) 29... Kf5 30. Bf4 (30. g4+ Ke5 31. Kg3 Be3 32. f4+ Kd6 33. Kf3
Bc1 34. Ke4 Nd2+ 35. Kd3 Nf3 36. Bh6 Nh2 37. g5 (37. Bf8+ Kc7) 37... Bxf4 38.
Bf8+ Kc7 39. Bc6 Bg3 $11) (30. Kf1 $1 $16) 30... Be5 31. Bc8+ Kf6 32. Bg5+ Kg7
33. f4 Bd4 34. Bd8 Ne3+ 35. Kf3 Nxd5 36. Ke4 Bb6 37. Bxb6 Nxb6 38. Ba6 Kf6 39.
Kd4 $14) (28... h5 29. Bg5+ Kf5 30. Bf4 a5 (30... f6 $4 31. Ba6 {Mate}) 31. Kf1
Be5 32. Be3 Nc4 33. Bc8+ Kf6 34. Bf2 Ke7 35. Ba6 $16) 29. Bb4+ $16) 28... dxe4
29. Bxe4 Nc4 $11 30. Bh6 (30. Bc1 Be3 31. Bxe3 Nxe3+ 32. Ke2 Nf5 $11) 30...
Ne3+ 31. Ke2 Nf5 32. Bxf5 (32. Bg5+ Ke5 33. Bf4+ Ke6 $11) 32... Kxf5 33. Be3 (
33. g4+ $11 {Hecht}) 33... Bxe3 (33... Ke5 34. Kd3 Bxe3 35. Kxe3 h5 36. Kd3 Kd5
37. Ke3 a5 (37... Kc4 38. Ke4 a5 39. Ke5 $18) 38. Kd3 a4 39. Kc3 Kc5 40. a3 f6
41. Kd3 Kd5 42. Kc3 f5 43. Kd3 Ke5 44. Ke3 (44. f4+ Kd5 $19) 44... f4+ 45.
gxf4+ Kf5 46. Ke2 Kxf4 47. Kf2 g5 48. hxg5 Kxg5 49. Kg3 Kf5 50. Kh4 Kf4 51.
Kxh5 Kxf3 52. Kh4 $11) 34. Kxe3 {[#]_|_ Hecht Fragliche Abwicklung ins
P-Endspiel nach B-Tausch. Fehlerhafte Aktivität des wK wegen schwarzem
P-Durchbruch} h5 35. Kd4 (35. a4 f6 36. a5 g5 (36... Ke5 37. g4 f5 (37... Kd5
38. Kf4 Kc5 39. g5 $18) 38. gxh5 gxh5 39. a6 f4+ 40. Kd3 Kd5 41. Kc3 Kc5 42.
Kd3 Kb6 43. Ke4 Kxa6 44. Kxf4 Kb5 45. Kg5 a5 (45... Kc6 46. f4 Kd7 47. Kg6 a5
48. f5 a4 49. f6 a3 50. f7 a2 51. f8=Q a1=Q $14) 46. f4 a4 47. f5 a3 48. f6 a2
49. f7 a1=Q 50. f8=Q Qe5+ 51. Qf5 Qxf5+ 52. Kxf5 Kc5 53. Kg5 Kd6 54. Kxh5 Ke7
55. Kg6 Kf8 $11) 37. hxg5 (37. a6 gxh4 38. gxh4 Ke5 39. Ke2 Kf4 40. Kf2 f5 41.
Ke2 Kg3 42. Ke3 Kxh4 43. Kf4 Kh3 $19) 37... fxg5 38. a6 h4 39. gxh4 gxh4 40.
Kf2 Kf4 41. Kg2 $11) (35. f4 {Hecht} Kg4 36. Kf2 Kh3 37. Kf3 (37. f5 gxf5 38.
Kf3 f6 39. Kf4 Kg2 40. a4 a5 $19) 37... f5 38. a3 a6 39. a4 a5 40. Kf2 Kh2 41.
Kf3 Kg1 $19) 35... f6 36. a4 (36. Ke3 g5 (36... Ke5 {Hecht} 37. g4 f5 38. gxh5
gxh5 39. f4+ Kd5 40. Kd3 a5 41. a4 $11) 37. hxg5 fxg5 38. a4 (38. Kf2 h4 39.
gxh4 gxh4 40. Kg2 Kf4 41. Kh3 $11) 38... a5 39. Kf2 h4 40. Kg2 Ke5 41. Kh3 hxg3
42. Kxg3 Kf5 $11) 36... g5 37. Kc5 $4 (37. Ke3 $2 gxh4 38. gxh4 a5 39. Kd4 (39.
Ke2 $4 Kf4 40. Kf2 f5 $19 (40... f5 {Hecht} 41. Ke2 Kg3 42. Ke3 Kxh4 43. Kf4
Kh3 44. Kxf5 Kg3 45. Kg5 h4 $19)) 39... Kf4 40. Kc4 Kxf3 41. Kb5 f5 42. Kxa5 f4
43. Kb6 Kg3 44. a5 f3 45. a6 f2 46. a7 f1=Q 47. a8=Q Qf6+ $17) (37. hxg5 $1
fxg5 (37... Kxg5 {Hecht} 38. Ke4 $11) 38. Ke3 a5 39. Kf2 Ke5 40. Ke3 Kd5 41. f4
Ke6 $11 (41... h4 42. fxg5 hxg3 43. Kf3 Ke5 44. Kxg3 Kf5 45. Kh4 Kg6 46. Kg4
Kf7 47. Kf5 Kg7 48. Ke5 Kg6 49. Kd5 Kxg5 50. Kc5 Kf6 51. Kb5 Ke6 52. Kxa5 Kd7
53. Kb6 Kc8 $11)) 37... g4 $19 (37... gxh4 $6 {Hecht} 38. gxh4 Kf4 39. Kb5 Kg3
$1 (39... Kxf3 $2 40. Ka6 f5 41. Kxa7 f4 42. a5 Kg4 43. a6 f3 44. Kb6 f2 45. a7
f1=Q 46. a8=Q {Endspiel-CD: Remis auch ohne den Bh4 und mit Schwarz am Zuge!})
40. Ka6 Kxh4 41. Kxa7 Kg3 42. Kb6 h4 43. a5 h3 44. a6 h2 45. a7 h1=Q 46. a8=Q
Qxf3 {Endspiel-CD: Schwarz gewinnt in 54 Zügen}) 38. f4 (38. fxg4+ {Hecht} Kxg4
39. Kb5 Kxg3 40. Ka6 f5 41. Kxa7 f4 42. a5 f3 43. a6 f2 $19) 38... Ke4 39. Kd6
(39. Kb5 {Hecht} Kf3 40. Ka6 Kxg3 41. Kxa7 Kxh4 42. a5 g3 43. a6 g2 $19) 39...
Kf3 40. f5 Kxg3 41. Ke6 Kxh4 0-1